Online katalóg knižníc regiónu Turca

Dva polovičné životy (Record no. 22556)

MARC details
000 -LEADER
fixed length control field 01223cam a2200385 a 4500
001 - CONTROL NUMBER
control field 22556
003 - CONTROL NUMBER IDENTIFIER
control field SK-KTurca
005 - DATE AND TIME OF LATEST TRANSACTION
control field 20260401095813.0
008 - FIXED-LENGTH DATA ELEMENTS--GENERAL INFORMATION
fixed length control field 240315s2010 xo g 000 f slo
015 ## - NATIONAL BIBLIOGRAPHY NUMBER
National bibliography number SNBA2011/07-03721
020 ## - INTERNATIONAL STANDARD BOOK NUMBER
International Standard Book Number 9788089482146
Qualifying information (viaz.)
035 ## - SYSTEM CONTROL NUMBER
System control number 1953AA85-85D3-4280-AE01-B673C231F0F3
035 ## - SYSTEM CONTROL NUMBER
System control number urn:nbn:sk:snk-amjgbn
035 ## - SYSTEM CONTROL NUMBER
System control number urn:nbn:sk:snk-am001s93
040 ## - CATALOGING SOURCE
Original cataloging agency PPPK
Language of cataloging slo
Transcribing agency PPPK
Modifying agency SNK
Description conventions AACR2
041 1# - LANGUAGE CODE
Language code of text/sound track or separate title slo
Language code of original ger
044 ## - COUNTRY OF PUBLISHING/PRODUCING ENTITY CODE
MARC country code xo
ISO country code SK
072 #7 - SUBJECT CATEGORY CODE
Subject category code 821.112.2-3
Subject category code subdivision Nemecká próza, nemecky písaná
Source konspekt
080 ## - UNIVERSAL DECIMAL CLASSIFICATION NUMBER
Universal Decimal Classification number 821.112.2-31
Edition identifier 2001
080 ## - UNIVERSAL DECIMAL CLASSIFICATION NUMBER
Universal Decimal Classification number (0:82-311.6)
Edition identifier 2001
100 1# - MAIN ENTRY--PERSONAL NAME
Personal name Stephan, Rebecca
Relationship aut
240 10 - UNIFORM TITLE
Uniform title Zwei halbe Leben
Language of a work Slovensky
245 10 - TITLE STATEMENT
Title Dva polovičné životy
Statement of responsibility, etc. Rebecca Stephan ; [z nemeckého originálu preložila Erika Ridziová]
250 ## - EDITION STATEMENT
Edition statement 1. vyd.
260 ## - PUBLICATION, DISTRIBUTION, ETC.
Place of publication, distribution, etc. [Bratislava]
Name of publisher, distributor, etc. Motýľ
Date of publication, distribution, etc. 2010
300 ## - PHYSICAL DESCRIPTION
Extent 224 s.
Dimensions 21 cm
500 ## - GENERAL NOTE
General note Rebeca Stephan je pseudonym Steffi von Wolff
655 #7 - INDEX TERM--GENRE/FORM
Genre/form data or focus term nemecké romány
Source of term SNKPH
655 #7 - INDEX TERM--GENRE/FORM
Genre/form data or focus term vojnové romány
Source of term SNKPH
655 #7 - INDEX TERM--GENRE/FORM
Genre/form data or focus term German fiction
Source of term SNKPHeng
655 #7 - INDEX TERM--GENRE/FORM
Genre/form data or focus term War novels
Source of term SNKPHeng
700 1# - ADDED ENTRY--PERSONAL NAME
Personal name Ridziová, Erika
Relationship trl
942 ## - ADDED ENTRY ELEMENTS (KOHA)
Source of classification or shelving scheme Dewey Decimal Classification
Koha item type Krásna literatúra pre dospelých
Suppress in OPAC No
980 ## - EQUIVALENCE OR CROSS-REFERENCE-SERIES STATEMENT--PERSONAL NAME/TITLE [LOCAL, CANADA]
Personal name 821.112.2-31
Holdings
Stav vyradenia Strata Poškodenie Spôsob nadobudnutia Domovská knižnica Aktuálna knižnica Dátum nadobudnutia Total checkouts Čiarový kód exemplára Date last seen Typ exemplára
      Dar Obecná knižnica Turčianska Štiavnička Obecná knižnica Turčianska Štiavnička 01.04.2026   4738000834 01.04.2026 Krásna literatúra pre dospelých
Projekt je podporený Slovenskou asociáciou knižníc
Prevádzkuje Turčianska knižnica Martin 2026